• 首页
  • 本馆介绍
  • 公告通知
  • 最新文献
  • 馆藏检索
  • 电子资源
  • 读者导购
  • 参考咨询
  • 我的图书馆
  • 登录
  • 详细信息显示
  • 放入我的书架
  • 预约/预借图书
  • 作者相关作品
  • 分类相关作品
  • 丛书相关作品
  • 出版社相关作品

书目信息

  • 表格格式
  • 工作单格式
  • 卡片格式
题名:
概率论基础
    
 
作者: 严士健 著
分册:  
出版信息: 北京   科学出版社  1982.08
页数: 483页
开本: 20cm
丛书名: 现代数学基础丛书
单 册:
中图分类: O211 , O211.1
科图分类:
主题词: 概率论
电子资源:
ISBN: 7-03-005993-X
000 00619nam2 2200229 45
001 0009271541
005 20060420094159.76
010    @a7-03-005993-X@dCNY25.00
100    @a20000927d1982 km y0chiy0120 ea
101 0  @achi
105    @a z 000yy
200 1  @a概率论基础@AGai Lu Lun Ji Chu@f严士健等著@FYan Shi Jian Deng Zhu
210    @a北京@c科学出版社@d1982.08
215    @a483页@d20cm
225    @a现代数学基础丛书
410    @12001 @a现代数学基础丛书
606 0  @a概率论
690    @aO211@v1
690    @aO211.1@v3
701  0 @a严士健@4著
801    @aCN@bTSTC@c20060420
905    @dO211.1@e24@f1@b291131
    
    概率论基础/严士健等著.-北京:科学出版社,1982.08
    483页;20cm.-(现代数学基础丛书)
    
    
    ISBN 7-03-005993-X:CNY25.00
    
●
相关链接 在E读中查询图书 在五车中查询图书 在当当中查询图书 在豆瓣中查询图书


正题名:概率论基础     索取号:O211.1/24         预约/预借

序号 登录号 条形码 馆藏地/架位号 状态 备注
1 0073214   000404627   第三借阅区/ [索取号:O211.1/24] 在馆    
2 0073220   000404645   第三借阅区/ [索取号:O211.1/24] 在馆    
3 0073221   000404636   第三借阅区/ [索取号:O211.1/24] 在馆    
4 0073223   202094679   第二样本阅览室/ [索取号:O211.1/24] 在馆    
5 0291127   002911273   第三借阅区/ [索取号:O211.1/24] 在馆    
6 0291128   002911282   第三借阅区/ [索取号:O211.1/24] 在馆    
7 0291129   002911291   第三借阅区/ [索取号:O211.1/24] 在馆    
8 0291130   002911308   第三借阅区/ [索取号:O211.1/24] 在馆    
9 0291131   002911317   第三借阅区/ [索取号:O211.1/24] 在馆    
唐山师范学院图书馆 欢迎您!
大连网信软件有限公司© 版权所有